5HLuxD.jpg

KING HENRY VIII SENIOR AND PRIMARY SCHOOL LIBRARY OPAC

Wonders of life / (Record no. 347)

000 -LEADER
fixed length control field 00904nam a2200325 a 4500
001 - CONTROL NUMBER
control field 019457727
003 - CONTROL NUMBER IDENTIFIER
control field UkOxU
005 - DATE AND TIME OF LATEST TRANSACTION
control field 20190807085632.0
008 - FIXED-LENGTH DATA ELEMENTS--GENERAL INFORMATION
fixed length control field 120503s2013 enka 001 0 eng c
015 ## - NATIONAL BIBLIOGRAPHY NUMBER
National bibliography number GBB246798
Source bnb
020 ## - INTERNATIONAL STANDARD BOOK NUMBER
International Standard Book Number 9780007452675 (hbk.) :
020 ## - INTERNATIONAL STANDARD BOOK NUMBER
International Standard Book Number 0007452675 (hbk.) :
035 ## - SYSTEM CONTROL NUMBER
System control number (WlAbNL)vtls006392348
035 ## - SYSTEM CONTROL NUMBER
System control number (Uk)016086019
038 ## - RECORD CONTENT LICENSOR
Record content licensor Uk
040 ## - CATALOGING SOURCE
Original cataloging agency StDuBDS
Language of cataloging eng
Transcribing agency StDuBDS
Modifying agency WlAbNL
-- UkOxU
042 ## - AUTHENTICATION CODE
Authentication code ukscp
082 04 - DEWEY DECIMAL CLASSIFICATION NUMBER
Classification number 576.83 COX
Edition number 23
100 1# - MAIN ENTRY--PERSONAL NAME
Personal name Cox, Brian,
Dates associated with a name 1968-
Relator term author
245 10 - TITLE STATEMENT
Title Wonders of life /
Statement of responsibility, etc. Brian Cox, Andrew Cohen.
260 ## - PUBLICATION, DISTRIBUTION, ETC.
Place of publication, distribution, etc. London :
Name of publisher, distributor, etc. Collins,
Date of publication, distribution, etc. 2013.
300 ## - PHYSICAL DESCRIPTION
Extent 288 p. :
Other physical details col. ill. ;
Dimensions 29 cm.
490 ## - SERIES STATEMENT
Series statement BBC TV series
500 ## - GENERAL NOTE
General note Includes index.
650 #0 - SUBJECT ADDED ENTRY--TOPICAL TERM
Topical term or geographic name entry element Life.
650 #0 - SUBJECT ADDED ENTRY--TOPICAL TERM
Topical term or geographic name entry element Evolution (Biology)
700 1# - ADDED ENTRY--PERSONAL NAME
Personal name Cohen, Andrew
Titles and other words associated with a name (Scientist)
Relator term author
942 ## - ADDED ENTRY ELEMENTS (KOHA)
Source of classification or shelving scheme
Koha item type Books - Non Ficton
Holdings
Withdrawn status Lost status Source of classification or shelving scheme Damaged status Not for loan Collection code Permanent Location Current Location Shelving location Date acquired Full call number Barcode Date last seen Price effective from Koha item type
          Non-Fiction KH8 Senior School Library KH8 Senior School Library Non Fiction 2019-08-07 576.83 COX 3KHSL000100330 2019-08-07 2019-08-07 Books - Non Ficton

Powered By KH8 IT Dept